Største byer på Bornholm - Statistics

General Stats
  • This quiz has been taken 50 times
  • The average score is 9 of 18
Answers on the Map
Answers color-coded by a green-red scale on the quiz's map according to % correct below.
 
Answer Stats
Befolkningstal By % Correct
13.759 Rønne
100%
736 Gudhjem
94%
1.457 Allinge-Sandvig
91%
3.655 Nexø
91%
1.091 Svaneke
85%
2.117 Aakirkeby
68%
1.637 Hasle
65%
479 Østermarie
41%
267 Østerlars
38%
672 Snogebæk
35%
796 Tejn
35%
284 Aarsdale
32%
695 Nyker
32%
503 Sorthat-Muleby
32%
235 Vestermarie
29%
605 Klemensker
26%
230 Pedersker
26%
316 Lobbæk
12%
No matching quizzes found
Score Distribution
Percent of People with Each Score
Percentile by Number Answered
Your Score History
You have not taken this quiz